000 00825fam a22002774a 4500
005 20131030092100.0
008 990908s2000 mauab b 001 0 eng
020 _a1577180003
020 _a1577180011
041 0 _aeng
080 _a316.334.56:711.433
100 1 _aSoja, Edward W.
245 1 0 _aPostmetropolis :
_cEdward W. Soja.
260 _aMalden, MA :
_bBlackwell Publishers,
_c2000.
263 _a0001
300 _axx, 440 p. :
_bill., maps ;
_c25 cm.
500 _aPreface : f. [XII] - XVIII
504 _aIncludes bibliographical references (p. [416]-430) and index.
650 0 _aQytetet
650 0 _aMetropolet
650 0 _aUrbanizimi
650 0 _aSjellja Hapësinor
650 0 _aPostmodernizmi
651 0 _aLos Angeles (Calif.)
942 _2udc
_cBK
999 _c213
_d213